Oil spills
| Main Author: | |
|---|---|
| Format: | Book |
| Published: |
London :
Gloucester Press ,
1993
|
| Series: | Man made disasters
|
| Subjects: |
MARC
| LEADER | 00000cam a2200000 7i4500 | ||
|---|---|---|---|
| 001 | 0000004157 | ||
| 002 | 000004472 | ||
| 005 | 20000330.0 | ||
| 020 | |a 0749610751 | ||
| 090 | 0 | 0 | |a J 904 |b WAL |
| 100 | 1 | |a Walker, Jane | |
| 245 | 1 | 0 | |a Oil spills |c Jane Walker |
| 260 | |a London : |b Gloucester Press , |c 1993 | ||
| 300 | |a 32p. : |b ill. ; |c 29cm. | ||
| 490 | 0 | |a Man made disasters | |
| 650 | 0 | 0 | |a Oil soills |x Juvenile literature |
| 999 | |a 037318 |b BUKU |c PINJAMAN |e PERPUSTAKAAN KOMUNITI PETALING JAYA | ||